Normal view
MARC view
- Introduction To Artificial Intelligence
Entry Topical Term
001 - CONTROL NUMBER
- control field: 127613
003 - CONTROL NUMBER IDENTIFIER
- control field: NUST
005 - DATE AND TIME OF LATEST TRANSACTION
- control field: 20250116103835.0
008 - FIXED-LENGTH DATA ELEMENTS
- fixed length control field: 250116|| aca||aabn | a|a d
040 ## - CATALOGING SOURCE
- Original cataloging agency: NUST
- Transcribing agency: NUST
150 ## - HEADING--TOPICAL TERM
- Topical term or geographic name entry element: Introduction To Artificial Intelligence
670 ## - SOURCE DATA FOUND
- Source citation: Work cat.: (NUST): Eugene Charniak 127612, Introduction To Artificial Intelligence, 2002.
